Các loài cá kinh tế ở Biển Việt Nam : Lưu hành nội bộ

محفوظ في:
التفاصيل البيبلوغرافية
مؤلف مشترك: Hội nghề cá Việt Nam
التنسيق: كتاب
اللغة:Undetermined
منشور في: Việt Nam Hội nghề cá Việt Nam
الموضوعات:
الوسوم: إضافة وسم
لا توجد وسوم, كن أول من يضع وسما على هذه التسجيلة!
Thư viện lưu trữ: Trung tâm Học liệu Trường Đại học Cần Thơ
LEADER 00576nam a2200181Ia 4500
001 CTU_161152
008 210402s9999 xx 000 0 und d
082 |a 639 
082 |b H452 
110 |a Hội nghề cá Việt Nam 
245 0 |a Các loài cá kinh tế ở Biển Việt Nam : 
245 0 |b Lưu hành nội bộ 
245 0 |c Hội nghề cá Việt Nam 
260 |a Việt Nam 
260 |b Hội nghề cá Việt Nam 
650 |a Fisheries 
904 |i Giang 
980 |a Trung tâm Học liệu Trường Đại học Cần Thơ